[Event "Bluenose CC ch"]
[Site "Halifax CAN"]
[Date "1999.02.20"]
[Round "3"]
[White "Kenney, Jason"]
[Black "Kenney, David"]
[Result "1-0"]
[WhiteElo "1992"]
[BlackElo "2016"]
[PlyCount "61"]
[GameId "2160767911805614"]
[EventDate "1999.02.19"]
[EventType "swiss"]
[EventRounds "5"]
[EventCountry "CAN"]

1. e4 g6 2. d4 Bg7 3. Nc3 d6 4. Be3 Nf6 5. f3 Nbd7 6. Qd2 c6 7. Bh6 O-O 8. h4 e5 9. dxe5 dxe5 10. O-O-O Qe7 11. g4 Nc5 12. h5 Be6 13. Nge2 Rad8 14. Qg5 Rxd1+ 15. Nxd1 Bxa2 16. Ng3 Rd8 17. Bxg7 Qd7 18. Nc3 Kxg7 19. Be2 Ne6 20. Qe3 Bb3 21. cxb3 Nd4 22. Bd1 Qc7 23. Bc2 Qa5 24. Qg5 Nxf3 25. h6+ Kf8 26. Qxf6 Nd4 27. Rf1 Rd7 28. Qh8+ Ke7 29. Qxh7 Qa1+ 30. Nb1 Qa6 31. Rxf7+ 1-0

[Event "Bluenose CC ch"]
[Site "Halifax CAN"]
[Date "1999.02.20"]
[Round "3"]
[White "Saunders, Stephen"]
[Black "Gulati, Justin"]
[Result "0-1"]
[WhiteElo "2014"]
[BlackElo "2061"]
[PlyCount "74"]
[GameId "2160767911805615"]
[EventDate "1999.02.19"]
[EventType "swiss"]
[EventRounds "5"]
[EventCountry "CAN"]

1. d4 Nf6 2. c4 e6 3. Nc3 d5 4. cxd5 exd5 5. Bg5 c6 6. e3 h6 7. Bh4 Be7 8. Bd3 O-O 9. Qc2 Re8 10. Nge2 Ne4 11. Bxe7 Qxe7 12. Ng3 f5 13. a3 Nxc3 14. Qxc3 f4 15. Nf1 Bg4 16. Bg6 Rf8 17. f3 Bf5 18. Bxf5 Rxf5 19. O-O-O Nd7 20. Qd3 Rf6 21. e4 dxe4 22. fxe4 c5 23. Kb1 cxd4 24. Qxd4 Ne5 25. Nd2 Rd6 26. Qa4 Ng4 27. Qc4+ Kh8 28. Qe2 Ne3 29. Rc1 Rad8 30. Nc4 Qxe4+ 31. Ka2 Rd4 32. Nxe3 fxe3 33. Rhe1 Rd3 34. g3 b5 35. Rc3 Rxc3 36. bxc3 Rd2+ 37. Qxd2 Qc4+ 0-1

[Event "Bluenose CC ch"]
[Site "Halifax CAN"]
[Date "1999.02.21"]
[Round "4"]
[White "Cosman, Tom"]
[Black "Kenney, Jason"]
[Result "0-1"]
[WhiteElo "1999"]
[BlackElo "1992"]
[PlyCount "92"]
[GameId "2160767911805616"]
[EventDate "1999.02.19"]
[EventType "swiss"]
[EventRounds "5"]
[EventCountry "CAN"]

1. d4 Nf6 2. c4 c5 3. d5 b5 4. cxb5 a6 5. b6 Qxb6 6. Nc3 d6 7. Nf3 g6 8. Nd2 Bg7 9. Nc4 Qc7 10. e3 O-O 11. Be2 Nbd7 12. O-O Nb6 13. e4 Nxc4 14. Bxc4 Rb8 15. Qe2 Nd7 16. Be3 Qb6 17. Bb3 Ne5 18. h3 Qc7 19. f4 c4 20. fxe5 cxb3 21. exd6 exd6 22. Rac1 bxa2 23. Nxa2 Qe7 24. Nc3 Bd7 25. Qd2 Rb3 26. Rc2 Rfb8 27. Bd4 Bxd4+ 28. Qxd4 Rxb2 29. Rcf2 Rxf2 30. Qxf2 Be8 31. Qd4 a5 32. Ra1 Rb4 33. Qd1 Qa7+ 34. Kh1 Qc5 35. Rc1 Rd4 36. Qc2 Rc4 37. Qb2 a4 38. Na2 a3 39. Qa1 Rc2 40. Nc3 Rb2 41. Na4 Qf2 42. Rg1 Bxa4 43. Qxa3 Bd7 44. Qxd6 Bxh3 45. Qd8+ Kg7 46. Qg5 f6 0-1

[Event "Bluenose CC ch"]
[Site "Halifax CAN"]
[Date "1999.02.21"]
[Round "4"]
[White "Gulati, Justin"]
[Black "Davies, Cedric"]
[Result "1-0"]
[WhiteElo "2061"]
[BlackElo "2028"]
[PlyCount "45"]
[GameId "2160767911805617"]
[EventDate "1999.02.19"]
[EventType "swiss"]
[EventRounds "5"]
[EventCountry "CAN"]

1. e4 c6 2. d4 d5 3. exd5 cxd5 4. Bd3 Nc6 5. c3 Nf6 6. Bf4 e6 7. Nf3 Bd6 8. Bxd6 Qxd6 9. O-O O-O 10. Re1 Rb8 11. Nbd2 b5 12. b4 a5 13. a3 a4 14. Re3 Bd7 15. Ne5 Ne7 16. g4 Bc6 17. g5 Ne4 18. Nxc6 Nxc6 19. Bxe4 dxe4 20. Nxe4 Qd7 21. Qg4 Kh8 22. Rh3 f5 23. Rxh7+ 1-0

[Event "Bluenose CC ch"]
[Site "Halifax CAN"]
[Date "1999.02.21"]
[Round "4"]
[White "Kenney, David"]
[Black "Phillips, Gary"]
[Result "1-0"]
[WhiteElo "2016"]
[BlackElo "1898"]
[PlyCount "111"]
[GameId "2160767911805618"]
[EventDate "1999.02.19"]
[EventType "swiss"]
[EventRounds "5"]
[EventCountry "CAN"]

1. c4 c6 2. Nf3 Nf6 3. g3 e6 4. Bg2 d5 5. b3 d4 6. O-O Bc5 7. d3 O-O 8. Na3 Re8 9. Nc2 a5 10. a3 e5 11. Rb1 Qe7 12. b4 axb4 13. axb4 Bd6 14. e3 dxe3 15. Bxe3 Bg4 16. h3 Bh5 17. Re1 h6 18. Bd2 Qc7 19. c5 Bf8 20. Bc3 Nbd7 21. Ra1 Rad8 22. Qc1 e4 23. dxe4 Nxe4 24. Bb2 Ndf6 25. Ne3 Bxf3 26. Bxf3 Nd2 27. Bd1 Nde4 28. Kg2 Be7 29. Ra3 Qd7 30. Ng4 Nxg4 31. Bxg4 f5 32. Qc4+ Kh8 33. Rxe4 fxg4 34. Rxg4 Bf8 35. Rf3 Re7 36. Rgf4 Ree8 37. Rf7 Qd2 38. Bc3 Qg5 39. Rxb7 Re7 40. Rxe7 Qxe7 41. Rf7 Qg5 42. h4 Qg6 43. Rf3 Qe8 44. Re3 Qh5 45. Re5 Qg6 46. Re6 Qh5 47. Rxc6 Kh7 48. Qe4+ Kg8 49. Re6 Qf7 50. c6 Rd6 51. Rxd6 Bxd6 52. b5 Bc7 53. Qd4 Qg6 54. b6 Bxb6 55. Qxb6 Qd6 56. Qb7 1-0

[Event "Bluenose CC ch"]
[Site "Halifax CAN"]
[Date "1999.02.21"]
[Round "4"]
[White "Phillips, Fred"]
[Black "Saunders, Stephen"]
[Result "0-1"]
[WhiteElo "1994"]
[BlackElo "2014"]
[PlyCount "172"]
[GameId "2160767911805619"]
[EventDate "1999.02.19"]
[EventType "swiss"]
[EventRounds "5"]
[EventCountry "CAN"]

1. d4 f5 2. c4 Nf6 3. Nc3 g6 4. e3 Bg7 5. Bd3 d6 6. Nf3 Nc6 7. Qe2 O-O 8. Bd2 e5 9. d5 Nb4 10. Bb1 a5 11. h3 Na6 12. Nh2 Nc5 13. f3 Nh5 14. Qf2 f4 15. e4 Bf6 16. O-O Bh4 17. Qe2 Ng3 18. Qd1 Nxf1 19. Qxf1 Bg3 20. Bc2 h5 21. Ne2 a4 22. Bc3 b6 23. Qc1 Bh4 24. Qd2 Qg5 25. Kh1 Ba6 26. b3 axb3 27. axb3 Bb7 28. Rf1 Ra2 29. Qd1 Rfa8 30. Bb1 R2a3 31. Bc2 Bc8 32. Qc1 Nxb3 33. Bxb3 Rxb3 34. Bd2 Bg3 35. Nxg3 Qxg3 36. Ng4 Ra2 37. Nf2 Rbb2 38. Be1 Rc2 39. Qb1 Ba6 40. Rg1 Rxf2 41. Bxf2 Qxf2 42. c5 Qb2 43. cxb6 cxb6 44. Qe1 Kf7 45. Qh4 Qc2 46. Qd8 Qc8 47. Qxb6 Ke7 48. Rb1 Rc2 49. Qa7+ Rc7 50. Qg1 Bd3 51. Rd1 Bb5 52. Qf2 Kf7 53. Qh4 Kg7 54. Qg5 Qd7 55. Qh4 Qe7 56. Qf2 Ba4 57. Rg1 Rc2 58. Qb6 Qc7 59. Qb4 Bd7 60. Qe1 Kh6 61. Qh4 g5 62. Qe1 Qc3 63. Qxc3 Rxc3 64. Rb1 g4 65. hxg4 hxg4 66. Rf1 g3 67. Rb1 Bb5 68. Kg1 Bd3 69. Rd1 Rb3 70. Kh1 Rb1 71. Rxb1 Bxb1 72. Kg1 Bd3 73. Kh1 Kg6 74. Kg1 Kf6 75. Kh1 Ke7 76. Kg1 Kd7 77. Kh1 Kc7 78. Kg1 Kb6 79. Kh1 Kc5 80. Kg1 Kd4 81. Kh1 Ke3 82. Kg1 Be2 83. Kh1 Bxf3 84. gxf3 Kxf3 85. Kg1 Kxe4 86. Kg2 Kxd5 0-1

[Event "Bluenose CC ch"]
[Site "Halifax CAN"]
[Date "1999.02.21"]
[Round "5"]
[White "Davies, Cedric"]
[Black "Armstrong, Brad"]
[Result "1-0"]
[WhiteElo "2028"]
[BlackElo "1815"]
[PlyCount "93"]
[GameId "2160767911805620"]
[EventDate "1999.02.19"]
[EventType "swiss"]
[EventRounds "5"]
[EventCountry "CAN"]

1. e4 c5 2. Nc3 Nc6 3. f4 e6 4. Nf3 Nge7 5. Bb5 Nd4 6. Nxd4 cxd4 7. Ne2 a6 8. Bd3 Nc6 9. O-O Bc5 10. Kh1 d5 11. e5 Nb4 12. b3 Nxd3 13. cxd3 Bd7 14. Bb2 Bb5 15. Rc1 Rc8 16. Rf3 O-O 17. Bxd4 Bxd4 18. Nxd4 Rxc1 19. Qxc1 Bd7 20. Ne2 Qb6 21. Qb2 Rc8 22. d4 Qb5 23. Ng3 g6 24. h3 Qb4 25. Rc3 Rxc3 26. dxc3 Qb6 27. Nf1 Bc6 28. Ne3 Kg7 29. Kh2 Qb5 30. Qd2 Qa5 31. Kg3 Bd7 32. Kf2 Bc6 33. Ke1 Qb6 34. c4 dxc4 35. bxc4 Qb1+ 36. Kf2 Qe4 37. Kg3 Bd7 38. Ng4 Bc6 39. Nf6 Qf5 40. Kh2 h6 41. g4 Qb1 42. d5 exd5 43. cxd5 Bb5 44. d6 Bc6 45. d7 h5 46. d8=Q Qh1+ 47. Kg3 1-0

[Event "Bluenose CC ch"]
[Site "Halifax CAN"]
[Date "1999.02.21"]
[Round "5"]
[White "Gulati, Justin"]
[Black "Urquhart, Eddie"]
[Result "0-1"]
[WhiteElo "2061"]
[BlackElo "2215"]
[PlyCount "102"]
[GameId "2160767911805621"]
[EventDate "1999.02.19"]
[EventType "swiss"]
[EventRounds "5"]
[EventCountry "CAN"]

1. e4 e6 2. d4 d5 3. e5 c5 4. c3 Nc6 5. Nf3 Qb6 6. a3 a5 7. b3 Bd7 8. Be2 cxd4 9. cxd4 Nge7 10. O-O Nf5 11. Be3 Be7 12. Bd3 g6 13. Nc3 Rc8 14. Ne2 Na7 15. a4 Nc6 16. Rc1 h6 17. Ng3 Kf8 18. Bxf5 exf5 19. Ne2 Be6 20. Nc3 Ba3 21. Rb1 Kg7 22. Nb5 Bb4 23. Bd2 Be7 24. Qe1 g5 25. Qe3 f4 26. Qe2 g4 27. Ne1 Nxd4 28. Nxd4 Qxd4 29. Bxa5 Qe4 30. Qd1 Bf5 31. Rc1 d4 32. Bc7 Bb4 33. Rc4 Bc3 34. f3 Qe3+ 35. Kh1 h5 36. Nc2 Qd3 37. Na3 Qxd1 38. Rxd1 Be6 39. Bd6 Bxc4 40. Nxc4 Rxc4 41. bxc4 Ra8 42. fxg4 hxg4 43. h3 gxh3 44. gxh3 Rxa4 45. c5 f3 46. Kh2 f2 47. Kg2 Ra2 48. Rd3 Re2 49. Kf1 Re3 50. Rxe3 dxe3 51. Ke2 Bd4 0-1

[Event "Bluenose CC ch"]
[Site "Halifax CAN"]
[Date "1999.02.21"]
[Round "5"]
[White "Kenney, David"]
[Black "Cosman, Tom"]
[Result "1-0"]
[WhiteElo "1999"]
[BlackElo "2016"]
[PlyCount "69"]
[GameId "2160767911805622"]
[EventDate "1999.02.19"]
[EventType "swiss"]
[EventRounds "5"]
[EventCountry "CAN"]

1. c4 e5 2. Nc3 Nf6 3. g3 c6 4. d4 d6 5. Bg2 Be7 6. e4 O-O 7. Nge2 Nbd7 8. O-O Re8 9. b3 Nf8 10. f4 Bg4 11. h3 Bxe2 12. Nxe2 Qc7 13. Be3 a6 14. d5 c5 15. f5 b5 16. g4 bxc4 17. bxc4 Reb8 18. Ng3 Rb4 19. Rc1 N6d7 20. g5 f6 21. h4 Qd8 22. Qh5 Qe8 23. Qg4 Rab8 24. Rc2 a5 25. Rff2 a4 26. Bh3 a3 27. Bc1 Ra4 28. Rg2 Rbb4 29. Nh5 Qf7 30. g6 hxg6 31. fxg6 Qe8 32. Nxg7 Kxg7 33. Qh5 Rxc4 34. Qh6+ Kg8 35. Be6+ 1-0

[Event "Bluenose CC ch"]
[Site "Halifax CAN"]
[Date "1999.02.21"]
[Round "5"]
[White "Kenney, Jason"]
[Black "Mayo, Alvah"]
[Result "1-0"]
[WhiteElo "1992"]
[BlackElo "2060"]
[PlyCount "51"]
[GameId "2160767911805623"]
[EventDate "1999.02.19"]
[EventType "swiss"]
[EventRounds "5"]
[EventCountry "CAN"]

1. e4 g6 2. d4 Bg7 3. Nc3 c5 4. Nf3 cxd4 5. Nxd4 d6 6. Be3 Nf6 7. f3 Nc6 8. Qd2 O-O 9. Bc4 Bd7 10. h4 Rc8 11. Bb3 Ne5 12. h5 Nxh5 13. O-O-O Nc4 14. Bxc4 Rxc4 15. g4 Nf6 16. Nde2 Re8 17. e5 Nxg4 18. fxg4 Bxe5 19. Bd4 Rxd4 20. Nxd4 Bxg4 21. Rdg1 h5 22. Nde2 e6 23. Ne4 f5 24. Qh6 fxe4 25. Qxg6+ Kf8 26. Rxg4 1-0

[Event "Bluenose CC ch"]
[Site "Halifax CAN"]
[Date "1999.02.21"]
[Round "5"]
[White "Saunders, Stephen"]
[Black "Eldridge, Mike"]
[Result "1/2-1/2"]
[WhiteElo "2014"]
[BlackElo "1998"]
[PlyCount "57"]
[GameId "2160767911805624"]
[EventDate "1999.02.19"]
[EventType "swiss"]
[EventRounds "5"]
[EventCountry "CAN"]

1. d4 Nf6 2. c4 e6 3. Nc3 Bb4 4. e3 b6 5. Nge2 Ba6 6. a3 Be7 7. b3 d5 8. Nf4 dxc4 9. bxc4 c5 10. Qa4+ Qd7 11. Qxd7+ Nbxd7 12. Nb5 Bxb5 13. cxb5 e5 14. dxe5 Nxe5 15. Bb2 Ng6 16. Nxg6 hxg6 17. Bc4 O-O 18. Ke2 Rad8 19. Rhd1 Ne4 20. a4 Bf6 21. Bxf6 gxf6 22. Rd3 Rxd3 23. Bxd3 Nc3+ 24. Kd2 Nd5 25. Bc4 Rd8 26. Kc2 Nb4+ 27. Kc3 f5 28. g3 Nd5+ 29. Bxd5 1/2-1/2

[Event "Bonne annee"]
[Site "Charny CAN"]
[Date "1999.01.08"]
[Round "1"]
[White "Hebert, Marc"]
[Black "Lacroix, Serge"]
[Result "0-1"]
[WhiteElo "1922"]
[BlackElo "1747"]
[PlyCount "71"]
[GameId "2160767911805799"]
[EventDate "1999.01.08"]
[EventType "swiss"]
[EventRounds "5"]
[EventCountry "CAN"]
[SourceTitle "Lacroix"]

1. g3 d5 2. Bg2 e5 3. c4 c6 4. Qb3 dxc4 5. Qxc4 Be6 6. Qc2 Bd5 7. Nf3 Na6 8. a3 Nc5 9. Nc3 Nb3 10. Rb1 Nd4 11. Qd3 Bxf3 12. Bxf3 f5 13. Bg2 e4 14. Nxe4 fxe4 15. Qxe4+ Be7 16. e3 Nb5 17. O-O Nf6 18. Qc4 Nd6 19. Qc2 Qd7 20. b4 O-O 21. Bb2 a5 22. Qb3+ Kh8 23. d3 axb4 24. axb4 Nb5 25. Rfc1 Nd5 26. Rc4 Bf6 27. e4 Nb6 28. e5 Be7 29. Re4 Nd5 30. Rc4 Qe6 31. Bxd5 Qxd5 32. Qc2 Na3 33. Bxa3 Rxa3 34. d4 Rfa8 35. Re1 Ra2 36. Qd3 0-1

[Event "Bonne annee"]
[Site "Charny CAN"]
[Date "1999.01.09"]
[Round "2"]
[White "Angers, Gilles"]
[Black "Pescarus, Radu"]
[Result "1-0"]
[WhiteElo "1977"]
[BlackElo "2004"]
[PlyCount "59"]
[GameId "2160767911805800"]
[EventDate "1999.01.08"]
[EventType "swiss"]
[EventRounds "5"]
[EventCountry "CAN"]

1. e4 c5 2. Nc3 Nc6 3. g3 Nf6 4. Bg2 e6 5. f4 d6 6. Nf3 Qc7 7. d3 Be7 8. O-O O-O 9. Be3 d5 10. e5 Nd7 11. Bf2 a6 12. Qd2 b5 13. Ne2 Bb7 14. c3 Rfd8 15. g4 c4 16. d4 Nf8 17. Bg3 Qa5 18. f5 f6 19. exf6 Bxf6 20. g5 Be7 21. f6 Bd6 22. fxg7 Ng6 23. h4 Bxg3 24. Nxg3 Qc7 25. Nh5 Nce7 26. Rae1 Bc8 27. Nh2 e5 28. dxe5 Nxe5 29. Qf4 N7g6 30. Bxd5+ 1-0

[Event "Bonne annee"]
[Site "Charny CAN"]
[Date "1999.01.09"]
[Round "2"]
[White "Beaudoin, Stephane"]
[Black "Pitre, Francois"]
[Result "0-1"]
[WhiteElo "1912"]
[BlackElo "1835"]
[PlyCount "52"]
[GameId "2160767911805801"]
[EventDate "1999.01.08"]
[EventType "swiss"]
[EventRounds "5"]
[EventCountry "CAN"]

1. e4 e5 2. Nc3 Nf6 3. Bc4 Nc6 4. d3 Bc5 5. Nf3 h6 6. O-O O-O 7. Be3 Bb6 8. Nd5 d6 9. Nxb6 axb6 10. h3 Qe7 11. Qd2 Be6 12. Bxe6 fxe6 13. Qc3 Nh5 14. Qd2 Rxf3 15. gxf3 Nd4 16. Bxd4 Nf4 17. Qxf4 exf4 18. Kh2 e5 19. Bc3 Qh4 20. d4 exd4 21. Bxd4 Ra5 22. e5 Rd5 23. Bc3 dxe5 24. Rg1 Qxf2+ 25. Rg2 Qxf3 26. Rag1 g5 0-1

[Event "Bonne annee"]
[Site "Charny CAN"]
[Date "1999.01.09"]
[Round "2"]
[White "Chabot, Roland"]
[Black "Caire, Francois"]
[Result "0-1"]
[WhiteElo "2214"]
[BlackElo "1844"]
[PlyCount "68"]
[GameId "2160767911805802"]
[EventDate "1999.01.08"]
[EventType "swiss"]
[EventRounds "5"]
[EventCountry "CAN"]

1. d4 Nf6 2. e3 d5 3. Bd3 e6 4. Nd2 c5 5. c3 Nc6 6. f4 Bd6 7. Qf3 Qc7 8. Nh3 b6 9. O-O Bb7 10. a3 Ne7 11. Ng5 h6 12. Nh3 O-O-O 13. Nf2 g5 14. g3 gxf4 15. gxf4 Rdg8+ 16. Kh1 Qd8 17. b4 c4 18. Bc2 h5 19. b5 Ng4 20. Qh3 Qf8 21. Nf3 Qg7 22. Bd2 Nf5 23. Bxf5 exf5 24. a4 Re8 25. Rae1 Bc7 26. Ne5 Bxe5 27. fxe5 f6 28. exf6 Qxf6 29. Nxg4 hxg4 30. Qxg4 fxg4 31. Rxf6 g3 32. Re2 Rh3 33. Kg1 Reh8 34. hxg3 Rh1+ 0-1

[Event "Bonne annee"]
[Site "Charny CAN"]
[Date "1999.01.09"]
[Round "2"]
[White "Martineau, Michel"]
[Black "Auger, Bertrand"]
[Result "1-0"]
[WhiteElo "1935"]
[BlackElo "2089"]
[PlyCount "61"]
[GameId "2160767911805803"]
[EventDate "1999.01.08"]
[EventType "swiss"]
[EventRounds "5"]
[EventCountry "CAN"]

1. e4 e6 2. Qe2 b6 3. g3 Bb7 4. Bg2 Nf6 5. d3 d6 6. f4 e5 7. Nf3 Nbd7 8. O-O Qe7 9. Nc3 a6 10. a4 O-O-O 11. a5 b5 12. d4 d5 13. Nxe5 b4 14. Nxd5 Nxd5 15. exd5 f6 16. d6 cxd6 17. Qc4+ Nc5 18. Bxb7+ Qxb7 19. Nf7 Qe4 20. Nxh8 d5 21. Qxb4 Re8 22. Bd2 Ne6 23. Qc3+ Kd7 24. Rae1 Nxd4 25. Rxe4 Rxe4 26. Qd3 Bc5 27. Qxe4 dxe4 28. Kg2 Nxc2 29. Rd1 Ke7 30. Kf1 Nd4 31. Be3 1-0

[Event "Bonne annee"]
[Site "Charny CAN"]
[Date "1999.01.09"]
[Round "2"]
[White "Schleifer, Michael"]
[Black "Belanger, Jacques"]
[Result "1-0"]
[WhiteElo "2434"]
[BlackElo "1948"]
[PlyCount "91"]
[GameId "2160767911805804"]
[EventDate "1999.01.08"]
[EventType "swiss"]
[EventRounds "5"]
[EventCountry "CAN"]

1. d4 Nf6 2. c4 g6 3. Nc3 Bg7 4. e4 d6 5. f3 O-O 6. Be3 e5 7. d5 Nh5 8. Bd3 f5 9. Nge2 Nd7 10. Qc2 Nc5 11. O-O-O fxe4 12. Nxe4 Nxe4 13. Bxe4 Bf5 14. Bxf5 gxf5 15. Ng3 f4 16. Nxh5 fxe3 17. Ng3 Bh6 18. Kb1 Qh4 19. Rde1 c6 20. Nf5 Qf6 21. Nxh6+ Qxh6 22. dxc6 bxc6 23. Qd3 Rf4 24. Rxe3 Rd4 25. Qe2 c5 26. h3 Kh8 27. a3 Rxc4 28. Rxe5 Qg6+ 29. Re4 d5 30. Ka1 dxe4 31. Qxc4 Qxg2 32. Qc3+ Kg8 33. Qc1 Qxf3 34. Qg5+ Kf7 35. Qd5+ Kf6 36. Qd6+ Kf7 37. Qd7+ Kf6 38. Rd1 Rf8 39. Rd6+ Kg5 40. Qg7+ Kf4 41. Qxf8+ Kg3 42. Qg7+ Kh2 43. Rd2+ Kh1 44. Qe5 Qf1+ 45. Ka2 Qc4+ 46. b3 1-0

[Event "Bonne annee"]
[Site "Charny CAN"]
[Date "1999.01.09"]
[Round "3"]
[White "Caire, Francois"]
[Black "Larochelle, Martial"]
[Result "0-1"]
[WhiteElo "1844"]
[BlackElo "2240"]
[PlyCount "34"]
[GameId "2160767911805805"]
[EventDate "1999.01.08"]
[EventType "swiss"]
[EventRounds "5"]
[EventCountry "CAN"]

1. d4 d5 2. Nc3 Nf6 3. Bg5 c5 4. Bxf6 gxf6 5. e3 cxd4 6. exd4 Nc6 7. Nf3 Bg4 8. Be2 Qd7 9. h3 Be6 10. O-O Bxh3 11. Kh2 Bxg2 12. Kxg2 Rg8+ 13. Kh2 Qg4 14. Ng5 Qxg5 15. Bg4 Qxg4 16. Qxg4 Rxg4 17. Nxd5 O-O-O 0-1

[Event "Bonne annee"]
[Site "Charny CAN"]
[Date "1999.01.09"]
[Round "3"]
[White "Champetier, Serge"]
[Black "Schleifer, Michael"]
[Result "0-1"]
[WhiteElo "1953"]
[BlackElo "2434"]
[PlyCount "62"]
[GameId "2160767911805806"]
[EventDate "1999.01.08"]
[EventType "swiss"]
[EventRounds "5"]
[EventCountry "CAN"]

1. e4 c5 2. Nf3 d6 3. d4 Nf6 4. Nc3 cxd4 5. Nxd4 Nc6 6. Bg5 Qb6 7. Bxf6 gxf6 8. Nb3 e6 9. Qh5 Bd7 10. Be2 Ne5 11. f4 Ng6 12. g3 O-O-O 13. O-O-O Be7 14. Rhe1 Kb8 15. Rd3 a6 16. Bf3 Rc8 17. Red1 Rc4 18. h4 Qf2 19. Bh1 Bc8 20. R1d2 Qb6 21. Qe2 Qc7 22. h5 Nf8 23. Qg4 Nd7 24. Qg7 Rf8 25. h6 Qd8 26. Qxh7 Qe8 27. Bg2 f5 28. exf5 Nf6 29. Qg7 Rg8 30. fxe6 Rxg7 31. hxg7 fxe6 0-1

[Event "Bonne annee"]
[Site "Charny CAN"]
[Date "1999.01.09"]
[Round "3"]
[White "Pitre, Francois"]
[Black "Lacroix, Serge"]
[Result "1/2-1/2"]
[WhiteElo "2003"]
[BlackElo "1992"]
[PlyCount "69"]
[GameId "2160767911805807"]
[EventDate "1999.01.08"]
[EventType "swiss"]
[EventRounds "5"]
[EventCountry "CAN"]
[SourceTitle "Lacroix"]

1. e4 e5 2. Nf3 Nc6 3. Nc3 Nf6 4. d4 exd4 5. Nxd4 Bb4 6. Nxc6 bxc6 7. Bd3 d5 8. exd5 cxd5 9. O-O O-O 10. Bg5 c6 11. Ne2 Bg4 12. c3 Bd6 13. Qa4 Bh5 14. Ng3 Bxg3 15. hxg3 Qd6 16. Bxf6 Qxf6 17. Qd4 Qxd4 18. cxd4 Rab8 19. b3 Rb4 20. Rfc1 Rb6 21. Rc5 Bg6 22. Bxg6 fxg6 23. Re1 Ra6 24. a4 Kf7 25. Rec1 Rb8 26. Rxc6 Rxc6 27. Rxc6 Rxb3 28. Rc7+ Kf6 29. Rxa7 Rb1+ 30. Kh2 Rb4 31. g4 Rxd4 32. Kg3 g5 33. a5 Rd3+ 34. f3 Ra3 35. Kf2 1/2-1/2

[Event "Bonne annee"]
[Site "Charny CAN"]
[Date "1999.01.10"]
[Round "4"]
[White "Lacroix, Serge"]
[Black "Bergeron, Michel"]
[Result "0-1"]
[WhiteElo "1922"]
[BlackElo "1753"]
[PlyCount "57"]
[GameId "2160767911805808"]
[EventDate "1999.01.08"]
[EventType "swiss"]
[EventRounds "5"]
[EventCountry "CAN"]
[SourceTitle "Lacroix"]

1. e4 c5 2. Nf3 Nc6 3. d4 cxd4 4. Nxd4 a6 5. Nc3 e6 6. Bc4 Bc5 7. Be3 Qf6 8. Nxc6 Bxe3 9. fxe3 bxc6 10. Qd6 Qg5 11. O-O Ne7 12. Rf3 Ng6 13. Raf1 Qe5 14. Qd2 O-O 15. Qf2 f6 16. h4 Qc5 17. Bb3 Kh8 18. g4 Ne5 19. Rf4 a5 20. Na4 Qe7 21. Rd1 d5 22. Nb6 Rb8 23. Nxc8 Rfxc8 24. exd5 cxd5 25. a4 Ng6 26. Rfd4 Rb4 27. Kg2 Rcb8 28. h5 Ne5 29. Kh3 0-1

[Event "Bonne annee"]
[Site "Charny CAN"]
[Date "1999.01.10"]
[Round "4"]
[White "Schleifer, Michael"]
[Black "Larochelle, Martial"]
[Result "1/2-1/2"]
[WhiteElo "2434"]
[BlackElo "2240"]
[PlyCount "150"]
[GameId "2160767911805809"]
[EventDate "1999.01.08"]
[EventType "swiss"]
[EventRounds "5"]
[EventCountry "CAN"]

1. d4 d5 2. c4 Nc6 3. cxd5 Qxd5 4. e3 e5 5. Nc3 Bb4 6. Bd2 Bxc3 7. bxc3 Nf6 8. c4 Qd6 9. d5 Ne7 10. Qb3 c6 11. Bb4 c5 12. Bc3 O-O 13. Nf3 Ng6 14. Be2 Ne4 15. Bb2 f5 16. O-O Qe7 17. Rfd1 Nd6 18. a4 Bd7 19. a5 e4 20. Nd2 Qg5 21. Qc3 Rf7 22. Kh1 f4 23. exf4 Nxf4 24. Bf1 Bg4 25. Re1 Be2 26. Qg3 Qxg3 27. fxg3 Bxf1 28. gxf4 Nxc4 29. Nxe4 Bd3 30. Be5 Rc8 31. Nc3 Rd7 32. Red1 Bc2 33. Rdc1 Bf5 34. Kg1 Re8 35. Re1 Rde7 36. a6 b6 37. Nb5 Bd3 38. Nc7 Rd8 39. d6 Nxd6 40. Nd5 Red7 41. Ne3 Nb5 42. h4 Nc7 43. Ra3 Nxa6 44. Rea1 Nb4 45. Rxa7 Nc6 46. Rxd7 Rxd7 47. Ra8+ Kf7 48. Bb2 Be4 49. Rc8 b5 50. Kf1 c4 51. Ke2 Ra7 52. Kd2 Ra2 53. Kc1 Nb4 54. Rc7+ Ke6 55. Bxg7 Re2 56. Bd4 Nd3+ 57. Kd1 Nxf4 58. Rc5 Bd3 59. Rxb5 c3 60. Re5+ Kd7 61. Bxc3 Ra2 62. Ra5 Rf2 63. Bd2 Ke8 64. g3 Ng2 65. Nxg2 Rxg2 66. Bf4 h5 67. Re5+ Kf7 68. Ke1 Bg6 69. Kf1 Ra2 70. Bg5 Rc2 71. Re7+ Kf8 72. Ra7 Bf5 73. Ke1 Bg4 74. Bd2 Kg8 75. Ra6 Kf7 1/2-1/2

[Event "Bonne annee"]
[Site "Charny CAN"]
[Date "1999.01.10"]
[Round "5"]
[White "Auger, Bertrand"]
[Black "Belanger, Jacques"]
[Result "1-0"]
[WhiteElo "2089"]
[BlackElo "1948"]
[PlyCount "77"]
[GameId "2160767911805810"]
[EventDate "1999.01.08"]
[EventType "swiss"]
[EventRounds "5"]
[EventCountry "CAN"]

1. Nf3 Nf6 2. g3 g6 3. b4 Bg7 4. Bb2 O-O 5. Bg2 c6 6. O-O a5 7. a3 axb4 8. axb4 Rxa1 9. Bxa1 Qb6 10. c3 d5 11. d3 Bg4 12. Nbd2 Nbd7 13. Qc2 Re8 14. h3 Bxf3 15. Nxf3 e5 16. Nd2 Nh5 17. Kh2 f5 18. c4 d4 19. b5 c5 20. Qa2 e4 21. dxe4 f4 22. g4 Be5 23. Nf3 Nhf6 24. Bb2 Nxe4 25. Nxe5 Rxe5 26. e3 f3 27. Bxf3 Nd2 28. Kg2 Qf6 29. Qa8+ Nf8 30. Qxb7 Nxf1 31. Kxf1 Re7 32. Qd5+ Rf7 33. Kg2 Ne6 34. h4 Kg7 35. g5 Qe7 36. Qe5+ Kg8 37. Bd5 Qa7 38. Qxe6 d3 39. Qe8# 1-0

[Event "Bonne annee"]
[Site "Charny CAN"]
[Date "1999.01.10"]
[Round "5"]
[White "Trottier, Julie"]
[Black "Lacroix, Serge"]
[Result "0-1"]
[WhiteElo "1920"]
[BlackElo "1922"]
[PlyCount "58"]
[GameId "2160767911805811"]
[EventDate "1999.01.08"]
[EventType "swiss"]
[EventRounds "5"]
[EventCountry "CAN"]
[SourceTitle "Lacroix"]

1. d4 Nf6 2. Nf3 e6 3. h3 c5 4. c3 Nc6 5. Bf4 d5 6. e3 Bd6 7. Bxd6 Qxd6 8. Nbd2 b6 9. Qa4 Bd7 10. Qc2 Rc8 11. Ba6 Rc7 12. dxc5 bxc5 13. O-O O-O 14. c4 Nb4 15. Qc3 Nxa6 16. Rfd1 Nb4 17. a3 Nc6 18. cxd5 exd5 19. Rac1 Rfc8 20. Qxc5 Qxc5 21. Rxc5 Ne7 22. Ra5 Rc1 23. Rxc1 Rxc1+ 24. Kh2 Rc7 25. Nd4 Ng6 26. N4f3 Be6 27. Nd4 Bd7 28. b4 Ne5 29. N2b3 Ne4 0-1